000 00893nam a22002897a 4500
001 4670
003 FISKH
005 20240919144633.0
008 240919b cb ||||| |||| 00| 0 eng d
020 _a0440404193
040 _aFISKH
_beng
_cFISKH
_dFISKH
050 _aPZ7.B6265
082 _2813.54
100 _aBlume, Judy
_d1938-
245 _aAre you there god? it's me, Margaret. /
_cBy Judy Blume
250 _aPrinting in 1970
260 _aNew York :
_bYearling,
_c1970.
300 _a149 pages :
_c20cm
505 _aN
520 _aFaced with the difficulties of growing up and choosing a religion, a twelve-year-old girl talks over her problems with her own private God.
521 8 _a570L
_bLexile
521 8 _aN
_bRaz-Plus
650 _2Friendship
_aPuberty
_vRealistic fiction
650 _2Young adult
_aComing of age
942 _2ddc
_cBK
_n0
999 _c4670
_d4670